| 000 | 00521nam a2200193 4500 | ||
|---|---|---|---|
| 003 | KOHA_MİRAKIL | ||
| 005 | 20260409104211.0 | ||
| 008 | 260409b tu ||||| |||| 00| 0 tur d | ||
| 020 | _a9789401430203 | ||
| 040 |
_aDLC _beng |
||
| 041 | _aeng | ||
| 050 | 0 |
_aNK 2011 _b.P54 2025 |
|
| 100 | _aPless, Corynne. | ||
| 245 | 1 | 0 | _aNew York interiors |
| 260 |
_aUK : _bLannoo, _c2025. |
||
| 300 |
_a256 p. _bpho. _c28 cm |
||
| 650 | 0 |
_aInterior decoration -- New York (State) -- New York. _914407 |
|
| 942 |
_2lcc _cBK |
||
| 999 |
_c26075 _d26075 |
||